00462nam a2200109Ia 4500008004100000050002200041100003000063245011300093260008600206300003300292521002700325140724s9999 xx 000 0 und d aR 864b.B517 2012 aBernabe, Alyhsza Layne C. aElectronic health record of Southville International School and Colleges clinic /cAlyhsza Layne C. Bernabe. aLas Piñas, Philippines :bSouthville International School and Colleges,cc2012. a51 p. :bcol. Ill. ;c28 cm. aInformation Technology